<?xml version='1.0' encoding='UTF-8'?>
  <record xmlns="http://www.loc.gov/MARC21/slim">
    <leader>00000cam a22000007i 4500</leader>
    <controlfield tag="001">ocm65488478</controlfield>
    <controlfield tag="003">OCoLC</controlfield>
    <controlfield tag="005">20241006053247.2</controlfield>
    <controlfield tag="008">900711s1527    be            000 0 dut d</controlfield>
    <datafield tag="040" ind1=" " ind2=" ">
      <subfield code="a">NLGGC</subfield>
      <subfield code="b">dut</subfield>
      <subfield code="e">fobidrtb</subfield>
      <subfield code="c">NLGGC</subfield>
      <subfield code="d">QGJ</subfield>
      <subfield code="d">OCLCQ</subfield>
    </datafield>
    <datafield tag="029" ind1="0" ind2=" ">
      <subfield code="a">NLGGC</subfield>
      <subfield code="b">064075192</subfield>
    </datafield>
    <datafield tag="035" ind1=" " ind2=" ">
      <subfield code="a">(OCoLC)65488478</subfield>
    </datafield>
    <datafield tag="130" ind1="0" ind2=" ">
      <subfield code="a">Bijbel.</subfield>
      <subfield code="p">N.T.</subfield>
      <subfield code="l">Nederlands.</subfield>
    </datafield>
    <datafield tag="245" ind1="1" ind2="0">
      <subfield code="a">Dat nieuwe Testament :</subfield>
      <subfield code="b">te wetene die vier Evangelien ons heeren Jesu Christi ende die brieven van Sinte Pauwels ende van ander apostelen, item dye wercken der apostelen ende dye openbaringhe van Sint Jan die apostel /</subfield>
      <subfield code="c">nae der ouder ende gemeynder translacien  ... ; met groter nersticheyt weder en weder doersien ...</subfield>
    </datafield>
    <datafield tag="260" ind1=" " ind2=" ">
      <subfield code="a">Gheprent Tantwerpen :</subfield>
      <subfield code="b">bi Michiel van Hoochstraten,</subfield>
      <subfield code="c">1527.</subfield>
    </datafield>
    <datafield tag="300" ind1=" " ind2=" ">
      <subfield code="a">315, XI fol. ;</subfield>
      <subfield code="c">in-8 (14 cm)</subfield>
    </datafield>
    <datafield tag="336" ind1=" " ind2=" ">
      <subfield code="a">tekst</subfield>
      <subfield code="b">txt</subfield>
      <subfield code="2">rdacontent/dut</subfield>
    </datafield>
    <datafield tag="337" ind1=" " ind2=" ">
      <subfield code="a">zonder medium</subfield>
      <subfield code="b">n</subfield>
      <subfield code="2">rdamedia/dut</subfield>
    </datafield>
    <datafield tag="338" ind1=" " ind2=" ">
      <subfield code="a">band</subfield>
      <subfield code="b">nc</subfield>
      <subfield code="2">rdacarrier/dut</subfield>
    </datafield>
    <datafield tag="500" ind1=" " ind2=" ">
      <subfield code="a">Colofon: Gheprent Tantwerpen in die Rape bi mi Michiel van Hoochstraten. Int jaer ons Heeren 1527.</subfield>
    </datafield>
    <datafield tag="500" ind1=" " ind2=" ">
      <subfield code="a">llustratie: gegraveerde titel (hoogdruk)</subfield>
    </datafield>
    <datafield tag="510" ind1="4" ind2=" ">
      <subfield code="a">Le Long,</subfield>
      <subfield code="c">588</subfield>
    </datafield>
    <datafield tag="510" ind1="4" ind2=" ">
      <subfield code="a">Nijhoff-Kronenberg,</subfield>
      <subfield code="c">391</subfield>
    </datafield>
    <datafield tag="510" ind1="4" ind2=" ">
      <subfield code="a">Poortman,</subfield>
      <subfield code="c">1, 202</subfield>
    </datafield>
    <datafield tag="710" ind1="0" ind2=" ">
      <subfield code="a">Hillen van Hoochstraten, Michiel (Antwerpen)</subfield>
      <subfield code="4">prt</subfield>
      <subfield code="0">(NL-LeOCL)077169263</subfield>
    </datafield>
    <datafield tag="936" ind1=" " ind2=" ">
      <subfield code="a">BATCHLOAD</subfield>
    </datafield>
  </record>